Eurowizja 2024 - Wyniki - Statystyki

Ogólne statystyki
  • Ten quiz został rozwiązany 648 razy
  • Średni wynik to 19 z 37
Statystyki odpowiedzi
Miejsce Państwo Punkty % Poprawnych
1 Szwajcaria 591
100%
2 Chorwacja 547
92%
3 Ukraina 453
83%
4 Francja 445
80%
5 Izrael 375
76%
6 Irlandia 278
65%
7 Włochy 268
65%
26 (DSQ) Holandia 0
62%
25 Norwegia 16
62%
30 Polska 35
61%
9 Szwecja 174
58%
8 Armenia 183
55%
10 Portugalia 152
54%
24 Austria 24
52%
12 Niemcy 117
52%
11 Grecja 126
51%
14 Litwa 90
49%
19 Finlandia 38
48%
22 Hiszpania 30
48%
27 Australia 41
47%
20 Estonia 37
47%
37 Islandia 3
46%
18 Wielka Brytania 46
46%
23 Słowenia 27
44%
13 Luksemburg 103
43%
32 Belgia 18
42%
28 Czechy 38
42%
16 Łotwa 64
42%
17 Serbia 54
41%
21 Gruzja 34
40%
15 Cypr 78
39%
35 Malta 13
39%
29 Dania 36
37%
36 Azerbejdżan 11
36%
31 Mołdawia 20
35%
33 San Marino 16
35%
34 Albania 14
33%
Nie znaleziono quizów pasujących do podanych kryteriów
Rozkład punktacji
Procent ludzi z każdym wynikiem
Percentyl według liczby udzielonych odpowiedzi
Twoja historia wyników
Nie rozwiązałeś tego quizu